<?xml version="1.0" encoding="UTF-8"?>
<record
    xmlns:xsi="http://www.w3.org/2001/XMLSchema-instance"
    xsi:schemaLocation="http://www.loc.gov/MARC21/slim http://www.loc.gov/standards/marcxml/schema/MARC21slim.xsd"
    xmlns="http://www.loc.gov/MARC21/slim">

  <leader>00315nam a2200121Ia 4500</leader>
  <controlfield tag="008">191201s2016    xx            000 0 und d</controlfield>
  <datafield tag="100" ind1=" " ind2=" ">
    <subfield code="a">OXFORD UNIERSITY PRESS</subfield>
  </datafield>
  <datafield tag="245" ind1=" " ind2="0">
    <subfield code="a">Oxford English-English-Hindi Dictionary</subfield>
  </datafield>
  <datafield tag="260" ind1=" " ind2=" ">
    <subfield code="a">N. Delhi</subfield>
    <subfield code="b">Oxford</subfield>
    <subfield code="c">2016</subfield>
  </datafield>
  <datafield tag="300" ind1=" " ind2=" ">
    <subfield code="a">1518</subfield>
  </datafield>
  <datafield tag="650" ind1=" " ind2=" ">
    <subfield code="a">General Books</subfield>
  </datafield>
  <datafield tag="942" ind1=" " ind2=" ">
    <subfield code="2">ddc</subfield>
    <subfield code="c">BK</subfield>
  </datafield>
  <datafield tag="999" ind1=" " ind2=" ">
    <subfield code="c">6699</subfield>
    <subfield code="d">6699</subfield>
  </datafield>
  <datafield tag="952" ind1=" " ind2=" ">
    <subfield code="0">0</subfield>
    <subfield code="1">0</subfield>
    <subfield code="2">ddc</subfield>
    <subfield code="4">0</subfield>
    <subfield code="7">0</subfield>
    <subfield code="8">GENERAL</subfield>
    <subfield code="a">PIET</subfield>
    <subfield code="b">PIET</subfield>
    <subfield code="c">R01</subfield>
    <subfield code="d">2017-01-09</subfield>
    <subfield code="e">KIRTI PRAKASHAN, NEW DELHI</subfield>
    <subfield code="g">685.00</subfield>
    <subfield code="k">IN811</subfield>
    <subfield code="l">0</subfield>
    <subfield code="o">491.43321 OXO</subfield>
    <subfield code="p">29739</subfield>
    <subfield code="r">2019-12-04 00:00:00</subfield>
    <subfield code="v">465.80</subfield>
    <subfield code="w">2017-08-31</subfield>
    <subfield code="y">BK</subfield>
    <subfield code="z">Dictionary</subfield>
  </datafield>
  <datafield tag="952" ind1=" " ind2=" ">
    <subfield code="0">0</subfield>
    <subfield code="1">0</subfield>
    <subfield code="2">ddc</subfield>
    <subfield code="4">0</subfield>
    <subfield code="7">0</subfield>
    <subfield code="8">GENERAL</subfield>
    <subfield code="a">PIET</subfield>
    <subfield code="b">PIET</subfield>
    <subfield code="c">R01</subfield>
    <subfield code="d">2017-01-09</subfield>
    <subfield code="e">KIRTI PRAKASHAN, NEW DELHI</subfield>
    <subfield code="g">685.00</subfield>
    <subfield code="k">IN811</subfield>
    <subfield code="l">0</subfield>
    <subfield code="o">491.43321 OXO</subfield>
    <subfield code="p">29740</subfield>
    <subfield code="r">2019-12-04 00:00:00</subfield>
    <subfield code="v">465.80</subfield>
    <subfield code="w">2017-08-31</subfield>
    <subfield code="y">BK</subfield>
    <subfield code="z">Dictionary</subfield>
  </datafield>
</record>
